Normal view MARC view

Entry Personal Name

Number of records used in: 2

001 - CONTROL NUMBER

  • control field: 88446

003 - CONTROL NUMBER IDENTIFIER

  • control field: dpl

005 - DATE AND TIME OF LATEST TRANSACTION

  • control field: 20260312172532.0

008 - FIXED-LENGTH DATA ELEMENTS

  • fixed length control field: 260312|| aca||aabn | a|a d

040 ## - CATALOGING SOURCE

  • Original cataloging agency: dpl
  • Transcribing agency: dpl

100 ## - HEADING--PERSONAL NAME

  • Personal name: पवनीत सिंह

670 ## - SOURCE DATA FOUND

  • Source citation: Work cat.: (dpl)215426: पवनीत सिंह, 31 वर्ष य़ूपीएससी, सिविल सर्विस, विगत वर्षों के हल प्रश्न-पत्र(प्रारंभिक परीक्षा) सामान्य अध्ययन पेपर-। CSAT पेपर-।। /, 2026

© Delhi Public Library
Hit Counter
free hit counter